banner-ar

امراض القلب وعلاجها: امراض , شرايين القلب, اسبابها, اعراضها, علاجها, وطرق الوقاية منها (هدية من الاديب عبدالفتاح الجمل) / (Record no. 46970)

MARC details
000 -الفاتح
حقل البيانات ثابتة الطول 00715nam a2200181Ia 4500
008 - عناصر البيانات ثابتة الطول - معلومات عامة
حقل البيانات ثابتة الطول 140319s9999 xx 000 0 ara d
040 ## - مصدر الفهرسة
وكالة الفهرسة الأصلية GCL /
وكالة النسخ GCL
082 04 - رقم تصنيف ديوى العشرى
رقم التصنيف 614.5912
رقم المادة ص ا
100 1# - المدخل الرئيسى - إسم شخصى
الإسم الشخصى صبحى عيد (مترجم)
245 10 - بيان العنوان
العنوان امراض القلب وعلاجها: امراض , شرايين القلب, اسبابها, اعراضها, علاجها, وطرق الوقاية منها (هدية من الاديب عبدالفتاح الجمل) /
بيان المسئوليه,etc صبحى عيد (مترجم)
300 ## - الوصف المادى
التعداد 96 ص
490 ## - بيان السلسلة
عنوان السلسلة مشكلة المراجع العلمية
رقم المجلد/ التعيين التسلسلي 0
650 04 - المدخل الاضافى بالموضوع-مصطلح موضوعى
مصطلح موضوعي القلب
650 04 - المدخل الاضافى بالموضوع-مصطلح موضوعى
مصطلح موضوعي الشرايين والاوردة
650 04 - المدخل الاضافى بالموضوع-مصطلح موضوعى
مصطلح موضوعي القلب، امراض
942 ## - عناصر المدخل الإضافي( كوها)
مصدر التصنيف او مخطط الترفيف Dewey Decimal Classification
Koha [default] item type كتاب
Holdings
حالة التراجع حالة الفقد حالة تلف ليس للاعارة المكان المؤقت الموقع الحالى تاريخ الاكتساب اجمالي اﻻعارات رقم الطلب الباركود تاريخ اخر مشاهدة تاريخ تفعيل السعر نوع وعاء كوها
        مكتبة القاهرة الكبرى مكتبة القاهرة الكبرى 03/26/2014   614.5912\ص ا 114010 03/26/2014 03/26/2014 كتاب

Powered By

EGPV